| 000 | 00592nam a2200229 a 4500 | ||
|---|---|---|---|
| 999 |
_c6854 _d6854 |
||
| 001 | 6854 | ||
| 003 | BD-JhCC | ||
| 005 | 20180131104359.0 | ||
| 008 | 180131s1958 e a|||| || | 000 0 eng d | ||
| 035 | _a(BD-JhCC)6854 | ||
| 040 |
_aBD-JhCC _dBD-JhCC |
||
| 041 | _aeng | ||
| 082 |
_a027.82 _bSTO 1958 |
||
| 100 | _aStott, C. A. | ||
| 245 |
_aSchool, Libraries A Short Manual / _cC. A. Stott, |
||
| 260 |
_aLondon : _bCambridge University Press, _c1958 |
||
| 300 |
_a148 p. : _c20 cm. |
||
| 650 | _aSchool Libraries | ||
| 650 | _aAcademic Libraries | ||
| 942 |
_2ddc _cBK |
||